000 00859nas a2200265 4500
001 BR0903023
003 BR-BrBNA
005 20231205113415.0
007 ta
008 230509b bl.|||p| |||| 00| 00por d
040 _aBR-BrBNA
_bpor
_cBiblioteca Nacional de Agricultura
041 _a(Pt)
072 _aP07
100 1 _aSalvador, N.
100 1 _aMion, R.L.
100 1 _aBenez, S.H.
245 1 _aConsumo de combustível em diferentes sistemas de preparo periódico realizados antes e depois da operação de subsolagem
650 _aCOMBUSTÍVEL
650 _aCONSUMO
650 _aSUBSOLAGEM
773 0 _tCiência e Agrotecnologia (Brazil)
_xISSN 1413-7054
_g(May-Jun 2009), v. 33(3) p. 870-874
_wBR0903023
856 4 0 _uhttp://www.aprh.pt/rgci/pdf/rgci-155_Borges.pdf
909 _a202311
_bLúcia
_c55
_dLúcia Elande
942 _2AGRIS
_n0
_cANA
999 _c203609
_d203609